| Tag |
First Indicator |
Second Indicator |
Subfields |
| LEADER |
00000cam a2200000Mi 4500 |
| 001 |
in00004787634 |
| 006 |
m o d |
| 007 |
cr || |||||||| |
| 008 |
240130t20242024gw fo d z000 0 eng d |
| 005 |
20240419190822.1 |
| 035 |
|
|
|a (OCoLC)on1419788676
|
| 040 |
|
|
|a DEGRU
|b eng
|e rda
|c DEGRU
|
| 019 |
|
|
|a 1417786137
|
| 020 |
|
|
|a 9783110986938
|
| 020 |
|
|
|a 3110986930
|
| 024 |
7 |
|
|a 10.1515/9783110986938
|2 doi
|
| 035 |
|
|
|a (OCoLC)1419788676
|z (OCoLC)1417786137
|
| 044 |
|
|
|a gw
|c DE
|
| 072 |
|
7 |
|a HIS044000
|2 bisacsh
|
| 049 |
|
|
|a TXAM
|
| 245 |
0 |
2 |
|a A Mirror of the Jewish Religion: A Critical Edition and Translation of Christian Petter Löwe's "Speculum Religionis Judaicæ" (1732) /
|c ed. by Jonathan Adams.
|
| 264 |
|
1 |
|a Berlin ;
|a Boston :
|b De Gruyter,
|c [2024]
|
| 264 |
|
4 |
|c 2024
|
| 300 |
|
|
|a 1 online resource (XII, 333 p.).
|
| 336 |
|
|
|a text
|b txt
|2 rdacontent
|
| 337 |
|
|
|a computer
|b c
|2 rdamedia
|
| 338 |
|
|
|a online resource
|b cr
|2 rdacarrier
|
| 347 |
|
|
|a text file
|b PDF
|2 rda
|
| 490 |
0 |
|
|a Religious Minorities in the North : History, Politics, and Culture ,
|x 2627-440X ;
|v 6
|
| 520 |
|
|
|a In 1732, Christian Petter Löwe, a Jewish convert to Lutheranism, published his Speculum Religionis Judaicæ (Mirror of the Jewish Religion), a description of the Jewish religion and ceremonies as practised at the time. Over 50 years before Jews were permitted to settle in Sweden in 1782, the genre of Christian ethnographical writing about Jews and Jewish rituals had arrived in Sweden from Germany. In this volume, Jonathan Adams (University of Gothenburg) introduces the background to Löwe's "mirror" by looking at both the earlier history of Jews in Sweden and the phenomenon of ethnographical writing about Jews. The text of Speculum is presented in its original Swedish with a translation into English facing on the opposite pages. This edition includes notes explaining technical terms, identifying people and places, and translating Hebrew words and phrases. The volume also includes two works published in Sweden prior to Speculum: Bezelius' Die Herrlichkeit des Christenthums (The Glory of Christianity [excerpts], 1684) and Seeligmann's Jüdischer Ceremonien (On Jewish Ceremonies, 1725). The volume should be of interest to students and researchers of Jewish and Scandinavian history as well as the history of Jewish-Christian relations.
|
| 536 |
|
|
|a funded by Vetenskapsrådet / The Swedish Research Council
|
| 546 |
|
|
|a In English.
|
| 588 |
0 |
|
|a Description based on online resource; title from PDF title page (publisher's Web site, viewed 30. Jan 2024).
|
| 650 |
|
4 |
|a Christian Petter Löwe.
|
| 650 |
|
4 |
|a Edition.
|
| 650 |
|
4 |
|a Frühe Neuzeit.
|
| 650 |
|
4 |
|a Judentum.
|
| 650 |
|
4 |
|a schwedische Literatur.
|
| 650 |
|
7 |
|a HISTORY / Europe / Scandinavia.
|2 bisacsh
|
| 653 |
|
|
|a Christian Petter Löwe.
|
| 653 |
|
|
|a Judaism.
|
| 653 |
|
|
|a Swedish text.
|
| 653 |
|
|
|a early modern period.
|
| 653 |
|
|
|a edition.
|
| 700 |
1 |
|
|a Adams, Jonathan,
|e editor.
|4 edt
|4 http://id.loc.gov/vocabulary/relators/edt
|
| 710 |
2 |
|
|a Vetenskapsrådet / The Swedish Research Council
|e funder.
|4 fnd
|4 http://id.loc.gov/vocabulary/relators/fnd
|
| 776 |
0 |
|
|c print
|z 9783110998412
|
| 856 |
4 |
0 |
|u https://www.degruyter.com/openurl?genre=book&isbn=9783110986938
|z Connect to the full text of this electronic book
|t 0
|
| 955 |
|
|
|a De Gruyter Open Access ebooks
|
| 994 |
|
|
|a 92
|b TXA
|
| 999 |
f |
f |
|s a8dd764a-7255-4c0a-9388-32ae52f08f9e
|i d3f742b9-4ced-433a-b824-985d196d1542
|t 0
|
| 952 |
f |
f |
|a Texas A&M University
|b College Station
|c Electronic Resources
|d Available Online
|t 0
|h Library of Congress classification
|
| 998 |
f |
f |
|t 0
|l Available Online
|